Statistics for Star Trek Decoder

Click here to take the quiz!

General Stats

  • This quiz has been taken 309 times
  • The average score is 13 of 19

Answer Stats

HintAnswer% Correct
LActor NimoyLeonard
97%
VSpock's home planetVulcan
97%
EThe name of Starfleet's flagshipEnterprise
94%
PCommon hand weaponPhaser
91%
DMcCoy, Crusher and Bashir all held this jobDoctor
89%
EWhere Geordi and Scotty could be foundEngineering
85%
AMechanical man, like DataAndroid
84%
RPointy-eared villainsRomulans
84%
LWorf's rank in The Next GenerationLieutenant
80%
SOriginal series helmsman HikaruSulu
78%
OMiles and Keiko's surnamesO'Brien
66%
NShe played UhuraNichelle Nichols
64%
Live long and prosper
63%
GShip class of the NCC-1701-DGalaxy
58%
PThis Robert played a holographic doctorPicardo
52%
RPleasure planet frequented by Riker and PicardRisa
52%
OKes from Voyager's raceOcampa
42%
NPicard met Kirk here in Star Trek: GenerationsNexus
38%
IModel that played a chameloid in The Undiscovered CountryIman
32%

Score Distribution

Percentile by Number Answered

Percent of People with Each Score

Your Score History

You have not taken this quiz